| 000 | 00792cab a2200241 4500 | ||
|---|---|---|---|
| 001 | ABS55279 | ||
| 008 | 090401t1996 xxu||||| |||| 00| 0 eng d | ||
| 035 | _a(Sirsi) u15404 | ||
| 041 | _aeng | ||
| 100 | _aMueller, F | ||
| 245 | _aManaging risk on construciton surveying projects | ||
| 260 | _c1996 | ||
| 350 | _a0 | ||
| 490 |
_aProfessional Surveyor _v16(5) July/August 1996, 44-46(3) |
||
| 520 | _aConsiders how to minimise the risk element when undertaking construction surveying projects. Focusses on negotiation procedures and techniques. (American article). | ||
| 650 | _aCONSTRUCTION PROJECTS | ||
| 650 | _aCONTRACTORS | ||
| 650 | _aNEGOTIATION | ||
| 650 | _aRISK MANAGEMENT | ||
| 690 | _aBUILT ENVIRONMENT-BUILDING CONTRACT FORMS | ||
| 942 | _n0 | ||
| 948 | _c04/03/1997 | ||
| 999 |
_c10099 _d10099 |
||